| 000 | 00876nam a22002417a 4500 | ||
|---|---|---|---|
| 001 | 21593 | ||
| 005 | 20260320115058.0 | ||
| 008 | 260320b |||||||| |||| 00| 0 spa d | ||
| 041 | _aESP | ||
| 082 |
_a628.72 _bH79 |
||
| 100 |
_aHowe, Kerry J. _eAUT |
||
| 245 | _aPrincipios de tratamiento del agua | ||
| 260 |
_a : _b , _c2017 |
||
| 300 |
_a653 páginas : _b ; _c24 cm. |
||
| 440 | _a ; | ||
| 650 | _aTCA | ||
| 654 | _aCCN | ||
| 700 | _a; | ||
| 856 |
_uhttps://itmsp.museknowledge.com/UCSP?url=https://www.ebooks7-24.com:443/?il=3818&pg=1 _zVersión digital |
||
| 856 |
_uhttps://0u213tc91-y-https-ebooks7--24-com.itmsp.museknowledge.com/biblioteca.aspx _zVéase además: Base de datos Ebook7-24 |
||
| 856 |
_uhttps://0u20ftc96-y-https-research-ebsco-com.itmsp.museknowledge.com/c/qxo6us/search _zVéase además: Base de datos EBSCOhost |
||
| 942 |
_cLIB _dJUS _fJUS _2ddc |
||
| 999 |
_c21593 _d21593 |
||